El estatuto de Roma de la Corte Penal Internacional

Gardado en:
Detalles Bibliográficos
Main Authors: Ambos, Kai (Author), Guerrero, Oscar Julián (Author)
Formato: Libro
Idioma:Lingua castelá
Publicado: Bogotá Universidad Externado de Colombia 1999
Edición:1a. ed
Subjects:
Tags: Engadir etiqueta
Sen Etiquetas, Sexa o primeiro en etiquetar este rexistro!

MARC

LEADER 00000nam a2200000 a 4500
001 UCK2948
003 CL-VaPUC
008 050401e19990000CK |||||||||||||||||spa|d
020 |a 9586164217 
082 0 4 |a 341.77  |b AMB  |2 21 
100 0 |a Ambos, Kai  |e author  |9 490980 
700 0 |a Guerrero, Oscar Julián  |e author  |9 490981 
245 1 3 |a El estatuto de Roma de la Corte Penal Internacional 
250 |a 1a. ed 
300 |a 512 p 
942 |c BK 
945 |d 20050401 00:00:00  |a cmena 
260 |a Bogotá  |b Universidad Externado de Colombia  |c 1999 
600 0 7 |a CORTE PENAL INTERNACIONAL  |2 CL-VaPUC  |9 490982 
650 0 |a Derecho penal internacional  |9 371889 
650 0 |a Jurisprudencia  |9 255952 
650 0 |a Ordenamiento jurídico   |9 355371 
583 |a last modification  |c 20050401 00:00:00  |k Rodrigo Vera 
999 |c 312337  |d 312335 
952 |0 0  |1 0  |4 0  |6 341_770000000000000_AMB_1999  |7 0  |8 A  |9 382441  |a BIBDER  |b BIBDER  |d 2019-11-21  |i 4105311  |o 341.77 AMB 1999  |p 4105311  |r 2023-01-25  |w 2019-11-21  |y BK  |k DER